Исследование параболической стадии пластического течения ГПУ материалов; Современные техника и технологии; Т. 2

Bibliographic Details
Parent link:Современные техника и технологии: 14 Международная научно-практическая конференция студентов, аспирантов и молодых ученых, г. Томск, 24-28 марта 2008 г./ Томский политехнический университет (ТПУ).— , 2008
Т. 2.— 2008.— С. 22-23
Main Author: Плосков Н. А.
Other Authors: Болотина И. О. Ирина Олеговна (научный руководитель), Симухина А. В., Данилов В. И.
Language:Russian
Published: 2008
Subjects:
Format: Book Chapter
KOHA link:https://koha.lib.tpu.ru/cgi-bin/koha/opac-detail.pl?biblionumber=150359

MARC

LEADER 00000naa2a2200000 4500
001 150359
005 20240117135944.0
035 |a (RuTPU)RU\TPU\book\162997 
090 |a 150359 
100 |a 20090110d2008 k y0rusy50 ca 
101 0 |a rus 
102 |a RU 
200 1 |a Исследование параболической стадии пластического течения ГПУ материалов  |f Н. А. Плосков, И. О. Болотина, А. В. Симухина  |g науч. рук. В. И. Данилов 
320 |a Библиогр.: 5 назв. 
461 1 |0 (RuTPU)RU\TPU\book\156858  |t Современные техника и технологии  |o 14 Международная научно-практическая конференция студентов, аспирантов и молодых ученых, г. Томск, 24-28 марта 2008 г.  |o труды  |o в 3 т.  |f Томский политехнический университет (ТПУ)  |d 2008 
463 1 |0 (RuTPU)RU\TPU\book\158716  |t Т. 2  |v С. 22-23  |d 2008  |p 434 с. 
610 1 |a пластическая деформация 
610 1 |a пластическое течение 
610 1 |a материалы 
610 1 |a параболическая стадия 
610 1 |a холодная деформация 
610 1 |a цирконий-ниобиевые сплавы 
610 1 |a труды учёных ТПУ 
700 1 |a Плосков  |b Н. А. 
701 1 |a Болотина  |b И. О.  |c специалист в области промышленной и медицинской электроники  |c доцент Томского политехнического университета, кандидат технических наук  |f 1974-  |g Ирина Олеговна  |3 (RuTPU)RU\TPU\pers\30007  |9 14458 
701 1 |a Симухина  |b А. В. 
702 1 |a Данилов  |b В. И.  |4 727 
801 1 |a RU  |b 63413507  |c 20090110  |g PSBO 
801 2 |a RU  |b 63413507  |c 20151112  |g RCR 
942 |c BK